[Event "Jundiai op"]
[Site "Jundiai"]
[Date "2023.04.15"]
[Round "3"]
[White "Yokomizo, Wilton"]
[Black "Usui, Gabriella Yumi"]
[Result "0-1"]
[WhiteElo "1414"]
[BlackElo "1526"]
[PlyCount "48"]
[EventDate "2023.04.14"]
[EventType "swiss"]
[EventRounds "5"]
[EventCountry "BRA"]
[SourceTitle "CBM 213 Extra"]
[Source "ChessBase"]
[SourceDate "2023.05.31"]
[SourceVersion "1"]
[SourceVersionDate "2023.05.31"]
[SourceQuality "1"]

1. e4 c5 2. Nc3 d6 3. Bc4 Nf6 4. d3 g6 5. f4 Nc6 6. Nf3 Bg7 7. 0-0 0-0 8. e5 dxe5 9. fxe5 Nxe5 10. Nxe5 Qd4+ 11. Kh1 Qxe5 12. Bf4 Qh5 13. Qd2 a6 14. Rae1 b5 15. Re5 Qh4 16. Bd5 Nxd5 17. Rxd5 Bd4 18. Bg5 Qh5 19. Bxe7 Bxc3 20. Qg5 Qxg5 21. Rxg5 Re8 22. Rxc5 Bxb2 23. Rc7 Be5 24. Bd6 Bxd6 0-1

[Event "Jundiai op"]
[Site "Jundiai"]
[Date "2023.04.14"]
[Round "1"]
[White "Ruvieri, Valter"]
[Black "Usui, Gabriella Yumi"]
[Result "0-1"]
[WhiteElo "1800"]
[BlackElo "1526"]
[PlyCount "50"]
[EventDate "2023.04.14"]
[EventType "swiss"]
[EventRounds "5"]
[EventCountry "BRA"]
[SourceTitle "CBM 213 Extra"]
[Source "ChessBase"]
[SourceDate "2023.05.31"]
[SourceVersion "1"]
[SourceVersionDate "2023.05.31"]
[SourceQuality "1"]

1. e4 c5 2. Nf3 Nc6 3. Bb5 e6 4. d4 cxd4 5. Nxd4 Nf6 6. Nc3 Bb4 7. Nxc6 bxc6 8. Bd3 Bxc3+ 9. bxc3 Qa5 10. Bd2 d5 11. e5 Nd7 12. Qe2 Qc7 13. Bf4 c5 14. c4 0-0 15. cxd5 exd5 16. c3 Re8 17. c4 Nxe5 18. Kf1 Ba6 19. Kg1 Re7 20. Qh5 g6 21. Qh6 Qa5 22. Bg5 Ng4 23. Qh5 Re1+ 24. Rxe1 Qxe1+ 25. Bf1 Bxc4 0-1

[Event "Hebraica op 30th"]
[Site "Hebraica"]
[Date "2023.02.12"]
[Round "6"]
[White "Usui, Gabriella Yumi"]
[Black "Bacha, Helio Arthur"]
[Result "0-1"]
[WhiteElo "1480"]
[BlackElo "1789"]
[PlyCount "42"]
[EventDate "2023.02.10"]
[EventType "swiss"]
[EventRounds "7"]
[EventCountry "BRA"]
[SourceTitle "CBM 212 Extra"]
[Source "ChessBase"]
[SourceDate "2023.03.31"]
[SourceVersion "1"]
[SourceVersionDate "2023.03.31"]
[SourceQuality "1"]

1. d4 d5 2. Nf3 Nf6 3. c4 c6 4. g3 g6 5. Bg2 Bg7 6. 0-0 dxc4 7. Ne5 0-0 8. Nxc4 Be6 9. b3 Bd5 10. Bb2 Bxg2 11. Kxg2 Nbd7 12. Nc3 Nb6 13. e4 Qc7 14. Qc2 Rfd8 15. Rfd1 e6 16. a4 Nxc4 17. bxc4 h5 18. e5 Ng4 19. h3 Nh6 20. f4 Nf5 21. Ne4 Ne3+ 0-1

[Event "Florianopolis op 9th"]
[Site "Florianopolis"]
[Date "2023.01.28"]
[Round "9"]
[White "Usui, Gabriella Yumi"]
[Black "Amorim Filho, Robson Bezerra"]
[Result "1-0"]
[WhiteElo "1550"]
[BlackElo "1216"]
[PlyCount "52"]
[EventDate "2023.01.23"]
[EventType "swiss"]
[EventRounds "10"]
[EventCountry "BRA"]
[SourceTitle "CBM 212 Extra"]
[Source "ChessBase"]
[SourceDate "2023.03.31"]
[SourceVersion "1"]
[SourceVersionDate "2023.03.31"]
[SourceQuality "1"]

1. d4 Nf6 2. Nf3 g6 3. c4 Bg7 4. g3 d6 5. Bg2 0-0 6. 0-0 c5 7. Nc3 Bd7 8. e4 cxd4 9. Nxd4 Nc6 10. Nde2 Qa5 11. Bd2 Qh5 12. Nf4 Qc5 13. b3 Qb6 14. Rc1 Bg4 15. Nfd5 Bxd1 16. Nxb6 axb6 17. Rfxd1 Nd7 18. Na4 Nd4 19. Kf1 b5 20. cxb5 Nxb5 21. Be3 Ne5 22. f4 Ng4 23. Bg1 f5 24. exf5 Rxf5 25. Bxb7 Ra7 26. Bd5+ Rf7 1-0

[Event "Florianopolis op 9th"]
[Site "Florianopolis"]
[Date "2023.01.24"]
[Round "3"]
[White "Coutinho, Lucas Buss Soares"]
[Black "Usui, Gabriella Yumi"]
[Result "0-1"]
[WhiteElo "1099"]
[BlackElo "1550"]
[PlyCount "62"]
[EventDate "2023.01.23"]
[EventType "swiss"]
[EventRounds "10"]
[EventCountry "BRA"]
[SourceTitle "CBM 212 Extra"]
[Source "ChessBase"]
[SourceDate "2023.03.31"]
[SourceVersion "1"]
[SourceVersionDate "2023.03.31"]
[SourceQuality "1"]

1. e4 c5 2. Nf3 Nc6 3. Bb5 e6 4. a4 Nge7 5. d4 cxd4 6. Nxd4 a6 7. Nxc6 Nxc6 8. Be2 Qa5+ 9. Bd2 Qe5 10. Nc3 Bc5 11. 0-0 0-0 12. Bf3 b6 13. g3 Bb7 14. Bf4 Qd4 15. Qe2 Qb4 16. Qd3 Qd4 17. Qe2 Qf6 18. e5 Qe7 19. Qd3 Nb4 20. Qe2 Bxf3 21. Qxf3 Nxc2 22. Rad1 Nb4 23. Rd2 f6 24. exf6 gxf6 25. Rfd1 d5 26. Re1 Qf7 27. Qg4+ Kh8 28. Qxe6 Rae8 29. Rde2 Rxe6 30. Rxe6 d4 31. Nd1 Nd3 0-1

[Event "BRA Amateur-ch U1800"]
[Site "Sao Paulo"]
[Date "2022.11.05"]
[Round "5"]
[White "Usui, Gabriella Yumi"]
[Black "Brujin, Homero"]
[Result "1-0"]
[WhiteElo "1656"]
[BlackElo "1443"]
[PlyCount "33"]
[EventDate "2022.11.03"]
[EventType "swiss"]
[EventRounds "7"]
[EventCountry "BRA"]
[SourceTitle "CBM 211 Extra"]
[Source "ChessBase"]
[SourceDate "2023.01.31"]
[SourceVersion "1"]
[SourceVersionDate "2023.01.31"]
[SourceQuality "1"]

1. d4 Nf6 2. Nf3 e6 3. c4 d5 4. g3 Be7 5. Bg2 0-0 6. 0-0 Nbd7 7. Nc3 dxc4 8. a4 a6 9. Nd2 c5 10. Nxc4 cxd4 11. Qxd4 Qc7 12. Bf4 Bc5 13. Qxf6 Bxf2+ 14. Rxf2 Qxc4 15. Qh4 Nc5 16. Bd6 Qxh4 17. gxh4 1-0

[Event "Caxambu Casa do Xadrez op"]
[Site "Caxambu"]
[Date "2022.07.23"]
[Round "4"]
[White "Da Silva, Wagner Afonso"]
[Black "Usui, Gabriella Yumi"]
[Result "1-0"]
[WhiteElo "1907"]
[BlackElo "1626"]
[PlyCount "37"]
[EventDate "2022.07.22"]
[EventType "swiss"]
[EventRounds "6"]
[EventCountry "BRA"]
[SourceTitle "CBM 209 Extra"]
[Source "ChessBase"]
[SourceDate "2022.09.30"]
[SourceVersion "1"]
[SourceVersionDate "2022.09.30"]
[SourceQuality "1"]

1. d4 d5 2. c4 c6 3. Nf3 Nf6 4. Nc3 Bf5 5. Qb3 Qb6 6. c5 Qxb3 7. axb3 Na6 8. Bg5 Nb4 9. Ra4 a5 10. Bxf6 gxf6 11. e3 e5 12. Be2 Rg8 13. 0-0 Bc2 14. Rfa1 Bxb3 15. Rxb4 axb4 16. Rxa8+ Kd7 17. Na4 e4 18. Nb6+ Kc7 19. Rc8# 1-0

[Event "Pocos de Caldas op"]
[Site "Pocos de Caldas"]
[Date "2022.03.13"]
[Round "5"]
[White "Barbosa, Flavio Novais"]
[Black "Usui, Gabriella Yumi"]
[Result "1-0"]
[WhiteElo "1852"]
[BlackElo "1445"]
[PlyCount "61"]
[EventDate "2022.03.11"]
[EventType "swiss"]
[EventRounds "6"]
[EventCountry "BRA"]
[SourceTitle "CBM 207 Extra"]
[Source "ChessBase"]
[SourceDate "2022.05.31"]
[SourceVersion "1"]
[SourceVersionDate "2022.05.31"]
[SourceQuality "1"]

1. d4 d5 2. c4 e6 3. Nf3 Nf6 4. g3 Be7 5. Bg2 0-0 6. 0-0 b6 7. cxd5 exd5 8. Nc3 Bb7 9. Ne5 Nbd7 10. Qa4 Nxe5 11. dxe5 Ne8 12. Nxd5 Bxd5 13. Rd1 c6 14. e4 Nc7 15. exd5 cxd5 16. Qb3 Bc5 17. Be3 Qe7 18. Bxc5 bxc5 19. Bxd5 Nxd5 20. Rxd5 Rab8 21. Qc3 Qb7 22. Rd2 Rfd8 23. Rad1 Rdc8 24. Qxc5 h6 25. Qe3 Qa6 26. a3 Qa4 27. e6 fxe6 28. Qxe6+ Kh7 29. Qf5+ Kg8 30. Rd7 Qb3 31. Rxg7+ 1-0

[Event "Florianopolis op 8th"]
[Site "Florianopolis"]
[Date "2022.01.27"]
[Round "6"]
[White "Usui, Gabriella Yumi"]
[Black "Souza, Iago Henrique Da Si"]
[Result "0-1"]
[WhiteElo "1345"]
[BlackElo "2058"]
[PlyCount "78"]
[EventDate "2022.01.24"]
[EventType "swiss"]
[EventRounds "10"]
[EventCountry "BRA"]
[SourceTitle "CBM 206 Extra"]
[Source "ChessBase"]
[SourceDate "2022.03.31"]
[SourceVersion "1"]
[SourceVersionDate "2022.03.31"]
[SourceQuality "1"]

1. d4 Nf6 2. Nf3 d5 3. c4 e6 4. g3 c6 5. Bg2 Nbd7 6. 0-0 Bd6 7. b3 0-0 8. Bb2 Qe7 9. Ne5 c5 10. Nxd7 Bxd7 11. cxd5 exd5 12. dxc5 Bxc5 13. Nc3 d4 14. Nd5 Nxd5 15. Bxd5 Bh3 16. Bg2 Bxg2 17. Kxg2 Rfe8 18. Kg1 Rad8 19. Qc1 Bb6 20. Re1 Qe6 21. b4 Qh3 22. Qd2 Re6 23. Qf4 Rh6 24. g4 Rg6 25. f3 h5 26. Qg3 hxg4 27. Qxh3 gxh3+ 28. Kh1 Rg2 29. Bc1 Re8 30. a3 Rexe2 31. Bf4 d3 32. a4 Bd4 33. Rad1 Rxe1+ 34. Rxe1 d2 35. Rd1 Bc3 36. Bd6 Re2 37. Bg3 Re1+ 38. Bxe1 dxe1Q+ 39. Rxe1 Bxe1 0-1

[Event "Sao Paulo Hebraica op 28th"]
[Site "Sao Paulo"]
[Date "2022.01.14"]
[Round "2"]
[White "Deus Filho, Joaquim"]
[Black "Usui, Gabriella Yumi"]
[Result "1-0"]
[WhiteElo "1917"]
[BlackElo "1345"]
[PlyCount "123"]
[EventDate "2022.01.14"]
[EventType "swiss"]
[EventRounds "6"]
[EventCountry "BRA"]
[SourceTitle "CBM 206 Extra"]
[Source "ChessBase"]
[SourceDate "2022.03.31"]
[SourceVersion "1"]
[SourceVersionDate "2022.03.31"]
[SourceQuality "1"]

1. e4 c5 2. d4 cxd4 3. c3 Nf6 4. e5 Nd5 5. Bc4 Nb6 6. Bb3 Nc6 7. cxd4 d6 8. e6 f6 9. d5 Ne5 10. Ba4+ Nxa4 11. Qxa4+ Bd7 12. exd7+ Qxd7 13. Qxd7+ Kxd7 14. Ke2 Rc8 15. Nc3 a6 16. Nf3 Nc4 17. b3 Nb6 18. Bb2 g6 19. Nd4 Bh6 20. Rhe1 Bf4 21. Kd3 Be5 22. Re2 h5 23. Rae1 Rh7 24. g3 Bxd4 25. Kxd4 Na8 26. a4 b6 27. Na2 a5 28. Rc1 Rhh8 29. Rec2 Rc5 30. Ba3 Rc7 31. Rxc7+ Nxc7 32. Nc3 h4 33. g4 Rf8 34. Nb5 Na6 35. Rc6 Rc8 36. Rxc8 Kxc8 37. f4 Kd7 38. Nc3 Ke8 39. g5 Kf7 40. Kc4 Nc7 41. Nb5 Na6 42. Na7 Nc7 43. Nc8 fxg5 44. fxg5 e6 45. Nxd6+ Kg7 46. Bb2+ Kh7 47. dxe6 Nxe6 48. Bf6 Nc5 49. Nc8 Nd7 50. Kb5 Nc5 51. Nxb6 Nxb3 52. Nc4 Kg8 53. Nxa5 Nd2 54. Nc4 Ne4 55. a5 Kf7 56. a6 Nxf6 57. gxf6 Kxf6 58. a7 Kg5 59. a8Q Kf4 60. Qd5 Kg4 61. Qe4+ Kh5 62. Ne5 1-0

[Event "Taubate op 2nd"]
[Site "Taubate"]
[Date "2021.12.18"]
[Round "4"]
[White "Bashtavenko, Aleksey Stanislavov"]
[Black "Usui, Gabriella Yumi"]
[Result "0-1"]
[WhiteElo "1540"]
[BlackElo "1307"]
[PlyCount "84"]
[EventDate "2021.12.16"]
[EventType "swiss"]
[EventRounds "6"]
[EventCountry "BRA"]
[SourceTitle "CBM 206 Extra"]
[Source "ChessBase"]
[SourceDate "2022.03.31"]
[SourceVersion "1"]
[SourceVersionDate "2022.03.31"]
[SourceQuality "1"]

1. d4 d5 2. c4 Nf6 3. Nc3 Bf5 4. Qb3 dxc4 5. Qxb7 Nbd7 6. Nb5 Rc8 7. Bf4 e5 8. dxe5 Bb4+ 9. Nc3 Bxc3+ 10. bxc3 Be4 11. Qxa7 Nd5 12. Qd4 Nxf4 13. Qxe4 Ne6 14. Nf3 Nb6 15. Qc6+ Qd7 16. Qxd7+ Kxd7 17. a4 Ra8 18. a5 Nd5 19. 0-0-0 Kc6 20. Nd4+ Kc5 21. Nxe6+ fxe6 22. Kc2 Rxa5 23. Rb1 Ra7 24. Rb2 Rb7 25. Rg1 Rxb2+ 26. Kxb2 Rb8+ 27. Kc2 Rb3 28. e4 Nxc3 29. f3 Kd4 30. g3 Rb1 31. Bg2 Rxg1 32. h3 Rh1 33. Bxh1 Nb5 34. f4 c3 35. Bg2 g5 36. f5 Kxe5 37. fxe6 Kxe6 38. Bf1 c6 39. Bc4+ Ke5 40. Bf7 Nd4+ 41. Kxc3 Kxe4 42. Bh5 Nf5 0-1

[Event "Taubate op 2nd"]
[Site "Taubate"]
[Date "2021.12.16"]
[Round "1"]
[White "Usui, Gabriella Yumi"]
[Black "Bueno, Jonas Alves"]
[Result "0-1"]
[WhiteElo "1307"]
[BlackElo "1853"]
[PlyCount "70"]
[EventDate "2021.12.16"]
[EventType "swiss"]
[EventRounds "6"]
[EventCountry "BRA"]
[SourceTitle "CBM 206 Extra"]
[Source "ChessBase"]
[SourceDate "2022.03.31"]
[SourceVersion "1"]
[SourceVersionDate "2022.03.31"]
[SourceQuality "1"]

1. d4 Nf6 2. Nf3 e6 3. c4 c5 4. Nc3 cxd4 5. Nxd4 Bb4 6. Ndb5 0-0 7. Bf4 Na6 8. Qd3 Nc5 9. Qd4 d5 10. cxd5 Nxd5 11. Bd6 Qb6 12. Bxf8 Kxf8 13. 0-0-0 Bxc3 14. Nxc3 Nxc3 15. Qxc3 Bd7 16. Qd4 Rc8 17. Kb1 Ba4 18. Qd6+ Qxd6 19. Rxd6 Ne4 20. Rd4 Bc2+ 21. Ka1 Nxf2 22. Rg1 Be4 23. a3 Rc1+ 24. Ka2 Bd5+ 25. b3 Rc2+ 26. Kb1 Rc3 27. Rb4 a5 28. Rb6 Ke7 29. g3 Be4+ 30. Ka2 Rc2+ 31. Ka1 Rc1+ 32. Ka2 Rc2+ 33. Ka1 Nd1 34. g4 Nc3 35. Rxe6+ fxe6 0-1

[Event "Sao Jose dos Campos op 3rd"]
[Site "Sao Jose dos Campos"]
[Date "2021.08.22"]
[Round "4"]
[White "Oliveira, Francisco Evandro S"]
[Black "Usui, Gabriella Yumi"]
[Result "0-1"]
[WhiteElo "1473"]
[BlackElo "1355"]
[PlyCount "30"]
[EventDate "2021.08.21"]
[EventType "swiss"]
[EventRounds "5"]
[EventCountry "BRA"]
[SourceTitle "CBM 204 Extra"]
[Source "ChessBase"]
[SourceDate "2021.11.30"]
[SourceVersion "1"]
[SourceVersionDate "2021.11.30"]
[SourceQuality "1"]

1. c4 e5 2. g3 Nf6 3. Bg2 d5 4. cxd5 Nxd5 5. e3 Nc6 6. Ne2 Be7 7. 0-0 0-0 8. Nbc3 Be6 9. e4 Ndb4 10. a3 Nd3 11. Kh1 Na5 12. Nd5 f6 13. Nxe7+ Qxe7 14. f4 Bb3 15. Qxb3+ Nxb3 0-1